Harry Potter Next Gen - Mort subite - Statistiques

Statistiques générales
  • Ce quiz a été pris 60 fois
  • Le résultat moyen est 7 sur 16
Answers on the Grid
Answers color-coded by a green-red scale on the quiz's grid according to % correct below.
Lily Luna Potter
Leon Zabini
Louis Weasley
Grace Jordan
Ritchie Coote
Albus Severus Potter
Molly Weasley
Lilian Weasley
Darion Weasley
Dominique Weasley
Diana Crivey
Lysander Scamander
James Sirius Potter
Thomas Nott
Ivy Weasley
Lucy Weasley
Lorcan Scamander
Teddy Lupin
Ruby McLaggen
Amelia Crivey
Roxanne Weasley
Ava Finnigan
Victoire Weasley
Zacharias Smith
Daphne Violet Malefoy
Scorpius Hyperion Malefoy
Isaac Goyle
Charlotte Davies
Hugo Weasley
Arion Corvinus Malefoy
Rose Weasley
Remus Ignotus Potter
Elladora Lestrange
Fabian Weasley
Fred Weasley
Julian Weasley
 
Statistiques - réponses
Réponse % Correct
Lily Luna Potter
92%
Albus Severus Potter
72%
James Sirius Potter
60%
Teddy Lupin
54%
Rose Weasley
52%
Scorpius Hyperion Malefoy
50%
Molly Weasley
46%
Louis Weasley
44%
Hugo Weasley
40%
Lucy Weasley
38%
Dominique Weasley
34%
Fred Weasley
34%
Victoire Weasley
34%
Lysander Scamander
28%
Roxanne Weasley
28%
Lorcan Scamander
18%
Aucun quiz correspondant
Distribution des résultats
% des personnes avec chaque résultat
Percentile par nombre de réponses
Votre historique - résultats
Vous n’avez pas pris ce quiz